| 000 | 00532nam a2200181 i 4500 | ||
|---|---|---|---|
| 001 | 29316 | ||
| 003 | ES-MaACL | ||
| 005 | 20230906154018.0 | ||
| 007 | t| | ||
| 008 | 030121s1969 sp ||||1| spa d | ||
| 100 | 1 |
_aBalzac, Honoré de, _d1799-1850 _925139 |
|
| 245 | 1 | 0 |
_aEugenia Grandet / _cHonorato de Balzac ; [traducción, Francisco Vergés]. |
| 260 |
_aBarcelona : _bTaber, _c[1969] |
||
| 300 |
_a245 p. ; _c21 cm. |
||
| 700 | 1 |
_aVergés, Francisco. _9114102 |
|
| 852 |
_aES-MaACL _jC-38967 _bR.70847 |
||
| 999 |
_c29316 _d29316 |
||